Statistics for Famous Football Players Picture Quiz - Nigeria

Click here to take the quiz!

General Stats

  • This quiz has been taken 240 times
  • The average score is 6 of 15

Answer Stats

Answer% Correct
Ahmed Musa
76%
John Obi Mikel
70%
Alex Iwobi
58%
Jay-Jay Okocha
58%
Nwankwo Kanu
58%
Odion Ighalo
54%
Kelechi Iheanacho
53%
Victor Moses
48%
Obafemi Martins
39%
Vincent Enyeama
39%
Wilfred Ndidi
36%
Taye Taiwo
24%
Joseph Yobo
17%
Yakubu Aiyegben
7%
Shehu Abdullahi
2%

Score Distribution

Percentile by Number Answered

Percent of People with Each Score

Your Score History

You have not taken this quiz